Escuelas sin fracasos : (Record no. 91143)

MARC details
000 -CABECERA
campo de control de longitud fija 00788nam a2200229 a 4500
005 - FECHA Y HORA DE LA ÚLTIMA TRANSACCIÓN
campo de control 20240925064941.0
008 - ELEMENTOS DE LONGITUD FIJA--INFORMACIÓN GENERAL
campo de control de longitud fija 020829s1997 mx r 000 0 spa d
020 ## - NÚMERO INTERNACIONAL NORMALIZADO PARA LIBROS
Número Internacional Estándar del Libro 8487767680
035 ## - NÚMERO DE CONTROL DEL SISTEMA
Número de control de sistema UPN01000118780
049 ## - COLECCIÓN
Colección CG
050 #4 - SIGNATURA TOPOGRÁFICA DE LA BIBLIOTECA DEL CONGRESO
Número de clasificación LB1051
Número de documento/Ítem M4.7
100 1# - ASIENTO PRINCIPAL--NOMBRE PERSONAL
Nombre de persona Molina García, Santiago
9 (RLIN) 29352
245 10 - MENCIÓN DE TÍTULO
Título Escuelas sin fracasos :
Resto del título prevención del fracaso escolar desde la pedagogía interactiva /
Mención de responsabilidad, etc. Santiago Molina García.
260 ## - PUBLICACIÓN, DISTRIBUCIÓN, ETC.
Lugar de publicación, distribución, etc. Málaga, Esp. :
Nombre del editor, distribuidor, etc. Aljibe,
Fecha de publicación, distribución, etc. c1997.
300 ## - DESCRIPCIÓN FÍSICA
Extensión 137 p.
440 #0 - MENCIÓN DE SERIE/ASIENTO SECUNDARIO--TÍTULO
Título Biblioteca de educación
500 ## - NOTA GENERAL
Nota general "Fundación Aragonesa para la Prevención y el Tratamiento del Fracaso Escolar"
650 #4 - ASIENTO SECUNDARIO DE MATERIA - TERMINO TEMATICO
Término de materia o nombre geográfico como elemento de entrada Psicología del aprendizaje
9 (RLIN) 5221
650 #4 - ASIENTO SECUNDARIO DE MATERIA - TERMINO TEMATICO
Término de materia o nombre geográfico como elemento de entrada Orientación educativa
9 (RLIN) 4097
650 #4 - ASIENTO SECUNDARIO DE MATERIA - TERMINO TEMATICO
Término de materia o nombre geográfico como elemento de entrada Fracaso escolar
9 (RLIN) 4966
905 ## - TIPO DE MATERIAL
Tipo de material Libro
Holdings
Estado de retiro Estado de pérdida Fuente del sistema de clasificación o colocación Estado dañado No para préstamo Código de colección Localización permanente Ubicación/localización actual Ubicación en estantería Total de préstamos Clasificación Código de barras Fecha visto por última vez Número de copia Tipo de ítem Koha
    Library of Congress Classification     Colección General Bib. Gregorio Torres Quintero Bib. Gregorio Torres Quintero Planta baja 4 LB1051 M4.7 190983 31/12/2020 1 Libro
    Library of Congress Classification     Colección General Bib. Gregorio Torres Quintero Bib. Gregorio Torres Quintero Planta baja 3 LB1051 M4.7 203014 31/12/2020 1 Libro
    Library of Congress Classification     Colección General Bib. Gregorio Torres Quintero Bib. Gregorio Torres Quintero Planta baja 9 LB1051 M4.7 206896 31/12/2020 1 Libro
    Library of Congress Classification     Colección General Bib. Gregorio Torres Quintero Bib. Gregorio Torres Quintero Planta baja 3 LB1051 M4.7 192276 31/12/2020 1 Libro